Dohoda o brigádnickej práci študentov a žiak strednej školy

Dohoda o brigádnickej práci študentov stredných škôl a otázka odvádzania poistného do jednotlivých fondov zo strany zamestnávateľa.

Enregistré dans:
Détails bibliographiques
Auteur principal: Macková, Zuzana
Format: Chapitre de livre
Langue:slovaque
Sujets:
Tags: Ajouter un tag
Pas de tags, Soyez le premier à ajouter un tag!

MARC

LEADER 00000naa a2200000 4500
001 r048835
005 20230927071531.6
041 0 |a slo 
044 |a SK 
245 1 0 |a Dohoda o brigádnickej práci študentov a žiak strednej školy  |c Zuzana Macková 
520 |a Dohoda o brigádnickej práci študentov stredných škôl a otázka odvádzania poistného do jednotlivých fondov zo strany zamestnávateľa. 
610 2 0 |a dohody o činnosti pracovnej 
610 2 0 |a študenti 
610 2 0 |a školy stredné 
610 2 0 |a poistné 
610 2 0 |a zamestnávatelia 
100 1 |a Macková, Zuzana